| 000 | 00676nam a22002177a 4500 | ||
|---|---|---|---|
| 999 |
_c16528 _d16528 |
||
| 003 | AR-CdUCM | ||
| 008 | 190503b ||||| |||| 00| 0 spa d | ||
| 040 |
_aMUNICIPALIDAD PROVINCIAL DEL CUSCO _cBIBLIOTECA MUNICIPAL DEL CUSCO |
||
| 082 |
_a891.61 / _bAN59 |
||
| 100 |
_aAndreyev, Leonidas _936020 |
||
| 245 | _aJudas Iscariote / | ||
| 260 |
_aSantiago de Chile : _bCultura : _c1934. |
||
| 300 |
_a143 paginas ; _c18 cm. |
||
| 505 | _aContenido : Judas Iscariote.-- Lázaro.-- Amor, Fé y Esperanza.. | ||
| 650 |
_aJudas _936021 |
||
| 650 |
_aJesus _925346 |
||
| 650 |
_aTraición _936022 |
||
| 650 |
_aMonedas _936023 |
||
| 942 |
_2ddc _cLIBROS |
||
| 945 |
_awnts _d2019-05-3 |
||